01850cam a22004334i 4500003000900000005001700009008004100026035001900067040003300086082002000119100004000139245011100179250000700290264005600297300002800353336002100381337002500402338002300427505025500450526001000705526001000715526001000725526001000735526000800745526000800753526000800761526000800769526000800777526000800785526000800793630004700801630004100848942001400889949013000903596000601033999015401039980005501193952016801248PE-LiUPU20250731173127.0150623s r 000 0 d a(Sirsi) a26025 aPE-LiUPUbspacPE-LiUPUerda04a220.66bA752211 aArndt, William,d1880-1957,eautor.10aDoes the Bible contradict itself? :ba discussion of alleged contradictions in the Bible /cWilliam Arndt. a5a 1aSt. Louis, MO :bConcordia Publishing House,c1955. a173 páginas ;c19 cm. atext2rdacontent aunmediated2rdamedia avolume2rdacarrier0 aIntroductory considerations. Passages of a historical nature from the Old Testament. Passages of a historical nature from the New Testament. Passages of a doctrinal nature from the Old Testament. Passages of a doctrinal nature from the New Testament. aSEG42 aSEG41 aSEG40 aSEG39 aP94 aP87 aP86 aP85 aP77 aP76 aP35 aBibliaxCrítica e Interpretación, etc. aBibliaxAutoridad, testimonios, etc. 2ddccBOOK a220.66 A75wDEWEYc1i51299lCCODEBUL1mBULp8.00r0sYtBOOKu2015-06-24xTEOLOGIAPP350COMPRAo.STAFF. Colección General a1 a220.66 A75wDEWEYc33012i51299f2021-11-9g5lCCODEBUL1mBULp8.00r0sYtBOOKu2015-6-24xTEOLOGIAPP350COMPRAo.STAFF. Colección Generald33012 81gALBERTO SANCHEZ Responsable de Automatización r2025-12-02 00:00:00i6l0o220.66 A75p51299te1v13.00w2015-06-24xFTyBKzinventario-2023-12-13102ddc50708GENfP35aBULbBULcGENd2015-06-24eCOMPRAg8.00